000 00870nam a2200277 i 4500
003 DO-SdBNP
005 20231011112036.0
007 ta
008 110413s2013 dr 000 0 spa d
020 _a9789945890013
040 _aDO-SdBNP
_bspa
_cBNPHU
_erda
082 4 _aRD861.5
_bT683t
_222
100 1 _aToribio, Andrés
_d1950-
_952164
245 1 0 _aTejidos de mi voz /
_cAndrés Toribio
264 1 _aSanto Domingo :
_bFlor de tierra,
_c2013.
300 _a321 páginas
_c23 cm.
336 _2rdacontent
_atexto
_btxt
337 _2rdamedia
_asin mediación
_bn
338 _2rdacarrier
_avolumen
_bnc
590 _aInventariado, 2023/ YL
590 _aLa biblioteca posee 1 ejemplar autografiado por el autor.
650 4 _aPoesía dominicana
650 4 _aLiteratura dominicana
910 _aYLockward/Validado. Control de calidad MFF
942 _2ddc
_cLBS1
999 _c54793
_d54793